[Event "Bad Woerishofen op"]
[Site "?"]
[Date "2003.??.??"]
[Round "4"]
[White "Maugg, Ludwig"]
[Black "Schmidt, Andreas"]
[Result "1-0"]
[WhiteElo "2136"]
[BlackElo "2245"]
[Annotator "ChessOrg"]
[PlyCount "35"]

1. d4 d5 2. c4 c6 3. Nf3 Nf6 4. Nc3 e6 5. e3 Nbd7 6. Qc2 Be7 7. b3 b6 8. Bd3
Ba6 9. O-O Rc8 10. e4 dxe4 11. Nxe4 c5 12. Bb2 Bb7 13. Rad1 Qc7 14. d5 Nxe4 15.
Bxe4 e5 16. Bf5 f6 17. d6 Bxd6 18. Rxd6 1-0

[Event "Bad Woerishofen op"]
[Site "?"]
[Date "2003.??.??"]
[Round "4"]
[White "Poulsen, Martin"]
[Black "Teich, Udo"]
[Result "1-0"]
[WhiteElo "2244"]
[BlackElo "2104"]
[Annotator "ChessOrg"]
[PlyCount "63"]

1. e4 c5 2. Nc3 e6 3. f4 d5 4. Nf3 dxe4 5. Nxe4 Nf6 6. d3 Be7 7. Qe2 Nc6 8. g3
Qc7 9. Bg2 h6 10. O-O O-O 11. Bd2 Rd8 12. Kh1 b6 13. c4 Bb7 14. Bc3 Nd4 15.
Bxd4 cxd4 16. Nxf6+ Bxf6 17. Nd2 Rac8 18. g4 Bxg2+ 19. Qxg2 g6 20. Ne4 Bg7 21.
f5 Be5 22. Rf3 g5 23. Qh3 exf5 24. gxf5 f6 25. Qxh6 Qg7 26. Qh5 Qf7 27. Qg4 Rc7
28. Rh3 Kf8 29. Re1 Qg7 30. Rh5 Re8 31. Qh3 Kg8 32. Rh6 1-0

[Event "Bad Woerishofen op"]
[Site "?"]
[Date "2003.??.??"]
[Round "4"]
[White "Wiedermann, Franz"]
[Black "Pflug, Mathias"]
[Result "0-1"]
[WhiteElo "2130"]
[BlackElo "2241"]
[Annotator "ChessOrg"]
[PlyCount "66"]

1. d4 f5 2. c4 Nf6 3. Nc3 d6 4. g3 g6 5. Bg2 Bg7 6. Nh3 O-O 7. Nf4 Na6 8. h4 e5
9. dxe5 dxe5 10. Nfd5 c6 11. Nxf6+ Qxf6 12. Qb3 Qf7 13. Nb1 Be6 14. Na3 Rac8
15. Qa4 f4 16. O-O g5 17. hxg5 Qh5 18. c5 Nxc5 19. Qxa7 fxg3 20. fxg3 Rxf1+ 21.
Kxf1 Rf8+ 22. Kg1 Bh3 23. Qxc5 Bxg2 24. Kxg2 Qxe2+ 25. Kh3 Qf1+ 26. Kh4 Qh1+
27. Kg4 Qf3+ 28. Kh4 Qh1+ 29. Kg4 h5+ 30. gxh6 Qf3+ 31. Kh3 Rf5 32. Qc4+ Kh7
33. Qh4 Bf6 0-1

[Event "Bad Woerishofen op"]
[Site "?"]
[Date "2003.??.??"]
[Round "4"]
[White "Babar, Frank"]
[Black "Deues, Erik"]
[Result "1-0"]
[WhiteElo "2240"]
[BlackElo "2100"]
[Annotator "ChessOrg"]
[PlyCount "57"]

1. e4 c5 2. Nc3 Nc6 3. g3 g6 4. Bg2 Bg7 5. Nge2 e6 6. O-O Nge7 7. d3 O-O 8. Bg5
h6 9. Be3 d6 10. Qd2 Kh7 11. d4 cxd4 12. Nxd4 a6 13. Rad1 Ne5 14. Qe2 Qc7 15.
f4 Nc4 16. Bc1 b5 17. f5 Bxd4+ 18. Rxd4 Bb7 19. f6 Ng8 20. Kh1 Qc5 21. Rd3 Rac8
22. g4 b4 23. Na4 Qb5 24. Rh3 Ne5 25. Qd2 Nxg4 26. Rf4 h5 27. Rxg4 Qxa4 28.
Rxh5+ gxh5 29. Rxg8 1-0

[Event "Bad Woerishofen op"]
[Site "?"]
[Date "2003.??.??"]
[Round "4"]
[White "Pohl, Walter"]
[Black "Kunz, Konstantin"]
[Result "0-1"]
[WhiteElo "2121"]
[BlackElo "2236"]
[Annotator "ChessOrg"]
[PlyCount "130"]

1. c4 c5 2. Nc3 Nc6 3. g3 g6 4. Bg2 Bg7 5. d3 d6 6. e4 Nd4 7. h3 Bd7 8. Nge2
Qc8 9. Rb1 Bc6 10. O-O e6 11. a3 Ne7 12. b4 b6 13. Nxd4 cxd4 14. Ne2 O-O 15.
Bb2 e5 16. a4 f5 17. b5 Bb7 18. f3 Bh6 19. Bc1 Bxc1 20. Nxc1 a5 21. Nb3 Kg7 22.
Qd2 Ng8 23. Rbe1 fxe4 24. fxe4 Qe6 25. Rxf8 Rxf8 26. Rf1 Rxf1+ 27. Kxf1 Bc8 28.
Kg1 Nf6 29. Nxa5 bxa5 30. Qxa5 Nh5 31. Qe1 Qf7 32. a5 Qc7 33. Kh2 Nf6 34. a6
Nd7 35. Qa1 Qa7 36. Qa3 Qc5 37. Qa5 Nb6 38. h4 Bd7 39. a7 Bc6 40. Bh3 Ba8 41.
Be6 Qc7 42. Qa3 Kf6 43. Bh3 Ke7 44. Qa2 Qc5 45. Qd2 Nd7 46. Qh6 Nf8 47. Qg7+
Ke8 48. Qf6 Qc7 49. Bg4 Qe7 50. Qf2 Qxa7 51. h5 Qa3 52. hxg6 hxg6 53. Qe2 Bb7
54. Kh3 Qc3 55. Kg2 Ke7 56. Kh2 Nh7 57. Bh3 Nf6 58. Bf1 Qc1 59. Qg2 Ng4+ 60.
Kg1 Qe3+ 61. Kh1 Bc8 62. b6 Qc1 63. Kg1 Ne3 64. Qa2 Qxf1+ 65. Kh2 Qh3+ 0-1

[Event "Bad Woerishofen op"]
[Site "?"]
[Date "2003.??.??"]
[Round "4"]
[White "Schuette, Marc"]
[Black "Behl, Torsten"]
[Result "1-0"]
[WhiteElo "2232"]
[BlackElo "2094"]
[Annotator "ChessOrg"]
[PlyCount "70"]

1. e4 c5 2. c3 Nf6 3. e5 Nd5 4. d4 cxd4 5. Nf3 e6 6. cxd4 Qc7 7. Be2 b6 8. O-O
Ba6 9. Bxa6 Nxa6 10. Bd2 Rc8 11. Nc3 Nxc3 12. bxc3 Nb8 13. Ne1 d6 14. f4 Be7
15. Qg4 g6 16. Qd1 d5 17. g3 Nc6 18. Ng2 Na5 19. Rf2 Nc4 20. Be1 Qc6 21. a4 Kd7
22. g4 h5 23. f5 gxf5 24. gxf5 Rcg8 25. Bd2 Rg4 26. Kh1 Rhg8 27. Bf4 Bg5 28. h3
Rxf4 29. Nxf4 Bxf4 30. Rxf4 Ne3 31. Qxh5 Qxc3 32. Qxf7+ Kc6 33. Qxe6+ Kb7 34.
Qxg8 Qxa1+ 35. Qg1 Qb2 1-0

[Event "Bad Woerishofen op"]
[Site "?"]
[Date "2003.??.??"]
[Round "4"]
[White "Otterstaetter, Stefan"]
[Black "Willin, Bernhard"]
[Result "1-0"]
[WhiteElo "2165"]
[BlackElo "2005"]
[Annotator "ChessOrg"]
[PlyCount "69"]

1. d4 Nf6 2. c4 g6 3. Nc3 Bg7 4. e4 d6 5. f4 O-O 6. Nf3 c5 7. d5 e6 8. Be2 exd5
9. cxd5 b5 10. e5 dxe5 11. fxe5 Ng4 12. Nxb5 Nxe5 13. O-O Bb7 14. d6 Nbc6 15.
Be3 Nd7 16. Nc7 Rb8 17. Bg5 Bf6 18. Bh6 Bxb2 19. Ng5 Bd4+ 20. Kh1 Nce5 21. Rb1
Nf6 22. Bxf8 Qxf8 23. Rxf6 Qh6 24. Nh3 Nd7 25. Rf1 Nb6 26. Bf3 Bc8 27. Bg4 f5
28. Bf3 g5 29. Qd2 f4 30. Qe2 Bf5 31. Rbd1 Nd7 32. Qc4+ Kh8 33. Rxd4 Rb4 34.
Qf7 Bxh3 35. Rxb4 1-0

[Event "Bad Woerishofen op"]
[Site "?"]
[Date "2003.??.??"]
[Round "4"]
[White "Poettinger, Harald"]
[Black "Wallhof, Dieter"]
[Result "1/2-1/2"]
[WhiteElo "2230"]
[BlackElo "2079"]
[Annotator "ChessOrg"]
[PlyCount "25"]

1. d4 e6 2. Nf3 f5 3. c4 Nf6 4. Nc3 Bb4 5. Bd2 b6 6. g3 Bb7 7. Bg2 O-O 8. O-O
d6 9. Rc1 Qe7 10. Bg5 Bxc3 11. Bxf6 Rxf6 12. Rxc3 Nd7 13. b4 1/2-1/2

[Event "Bad Woerishofen op"]
[Site "?"]
[Date "2003.??.??"]
[Round "4"]
[White "Peschlow, Patrick"]
[Black "Pimmingstorfer, Christian"]
[Result "1/2-1/2"]
[WhiteElo "2228"]
[BlackElo "2050"]
[Annotator "ChessOrg"]
[PlyCount "30"]

1. e4 e5 2. Nf3 Nf6 3. Nxe5 d6 4. Nf3 Nxe4 5. Nc3 Nxc3 6. dxc3 Be7 7. Bf4 O-O
8. Qd2 Nc6 9. O-O-O Bf5 10. h4 Bf6 11. h5 Re8 12. Nd4 Nxd4 13. cxd4 c5 14. dxc5
dxc5 15. Qxd8 Raxd8 1/2-1/2

[Event "Bad Woerishofen op"]
[Site "?"]
[Date "2003.??.??"]
[Round "4"]
[White "Eichler, Gottfried"]
[Black "Ballon, Guenter-Jan"]
[Result "1/2-1/2"]
[WhiteElo "2112"]
[BlackElo "2219"]
[Annotator "ChessOrg"]
[PlyCount "80"]

1. e4 c5 2. Nf3 e6 3. d4 cxd4 4. Nxd4 Nf6 5. Nc3 Nc6 6. Nxc6 bxc6 7. e5 Nd5 8.
Ne4 Qc7 9. f4 Qb6 10. Bd3 Nb4 11. Bc4 Be7 12. c3 Nd5 13. Qe2 O-O 14. Qf2 f6 15.
exf6 gxf6 16. Qxb6 Nxb6 17. Be2 d5 18. Nf2 a5 19. Be3 Nd7 20. O-O-O Ba6 21. Nd3
Bd6 22. Kc2 a4 23. Bg4 Rfe8 24. Rde1 Bc4 25. Bc1 Rab8 26. Bxe6+ Rxe6 27. Rxe6
Bxd3+ 28. Kd1 Bf8 29. Rxc6 Bc4 30. a3 f5 31. Re1 Bb3+ 32. Kd2 Rd8 33. Re3 Kf7
34. Ke1 Bc5 35. Rh3 Kg8 36. Be3 Re8 37. Kd2 Bxe3+ 38. Rxe3 Rxe3 39. Kxe3 Kf7
40. Kd4 Bc4 1/2-1/2

[Event "Bad Woerishofen op"]
[Site "?"]
[Date "2003.??.??"]
[Round "4"]
[White "Keller, Manfred"]
[Black "Roesner, Harald"]
[Result "1-0"]
[WhiteElo "2214"]
[BlackElo "2000"]
[Annotator "ChessOrg"]
[PlyCount "43"]

1. e4 e5 2. Nf3 Nc6 3. Bb5 Nf6 4. d4 exd4 5. O-O d6 6. Nxd4 Bd7 7. Bxc6 bxc6 8.
Qf3 Be7 9. e5 Nd5 10. exd6 cxd6 11. c4 Nb6 12. Nxc6 Bxc6 13. Qxc6+ Qd7 14.
Qxd7+ Kxd7 15. Nd2 Bf6 16. Rb1 Na4 17. Ne4 Be5 18. Rd1 Rhc8 19. b3 Rab8 20. Ba3
f5 21. Bxd6 Bxd6 22. Nxd6 1-0

[Event "Bad Woerishofen op"]
[Site "?"]
[Date "2003.??.??"]
[Round "4"]
[White "Kuempers, Ulrich"]
[Black "Emami, Madjid"]
[Result "0-1"]
[WhiteElo "2147"]
[BlackElo "2018"]
[Annotator "ChessOrg"]
[PlyCount "146"]

1. d4 d6 2. c4 e5 3. d5 f5 4. e4 Nf6 5. Nc3 fxe4 6. Nge2 Nbd7 7. Ng3 Nc5 8. Bg5
Be7 9. Bxf6 Bxf6 10. Ngxe4 Nxe4 11. Nxe4 O-O 12. Bd3 Qe7 13. O-O Bd7 14. Qc2 g6
15. c5 Rac8 16. Qb3 b6 17. cxd6 cxd6 18. Qa3 Bf5 19. Nxf6+ Rxf6 20. Rac1 Rcf8
21. Bxf5 Rxf5 22. f3 R5f6 23. Rc6 e4 24. Re1 Qe5 25. Qb3 Qd4+ 26. Qe3 Qxd5 27.
Qxe4 Qxa2 28. Qc4+ Qxc4 29. Rxc4 d5 30. Rc7 R6f7 31. Ree7 Rxe7 32. Rxe7 Rf7 33.
Re8+ Kg7 34. Rd8 Rc7 35. Rxd5 Rc2 36. Rd7+ Kf6 37. b4 h5 38. Rd5 Rc4 39. Rd7
Rxb4 40. Rxa7 Rb2 41. h4 Re2 42. Rb7 Re6 43. Kf2 Ke5 44. Rd7 Rd6 45. Rb7 Kd4
46. g4 Kc4 47. Kg3 Rf6 48. Rc7+ Kb4 49. g5 Rd6 50. Kf4 Re6 51. Rf7 Kc5 52. Rf6
Kd5 53. Rf8 b5 54. Rd8+ Kc5 55. Rc8+ Rc6 56. Rb8 Rb6 57. Rc8+ Kd4 58. Rd8+ Kc3
59. Rf8 b4 60. Rf6 Rb8 61. Rxg6 b3 62. Rc6+ Kd2 63. Rd6+ Ke2 64. Re6+ Kf2 65.
Rd6 b2 66. Rd2+ Ke1 67. Rxb2 Rxb2 68. g6 Rg2 69. Kf5 Kf2 70. f4 Kf3 71. Ke5
Rxg6 72. f5 Rg8 73. f6 Kg4 0-1

[Event "Bad Woerishofen op"]
[Site "?"]
[Date "2003.??.??"]
[Round "4"]
[White "Pitl, Jarno"]
[Black "Damm, Fabian"]
[Result "0-1"]
[WhiteElo "2073"]
[BlackElo "2130"]
[Annotator "ChessOrg"]
[PlyCount "114"]

1. e4 e5 2. Bc4 Nf6 3. d3 Bc5 4. Nf3 d6 5. O-O O-O 6. c3 c6 7. b4 Bb6 8. Nbd2
Re8 9. Bb3 Nbd7 10. Nc4 Bc7 11. Ne3 Nf8 12. a4 Ng6 13. Ba3 d5 14. Qc2 Nf4 15.
Rfd1 h6 16. c4 d4 17. Nf1 Bg4 18. N1d2 Nh7 19. g3 Ng5 20. Nxg5 Qxg5 21. f3 Bh3
22. Nf1 Bd7 23. Bc1 Nh3+ 24. Kh1 Qh5 25. Qg2 Ng5 26. Nd2 Qg6 27. h4 Nh7 28. c5
Kh8 29. Nc4 f5 30. Rf1 Rf8 31. Ba3 Nf6 32. Rf2 fxe4 33. fxe4 Nh5 34. Kh2 Rxf2
35. Qxf2 Qg4 36. Qg2 Rf8 37. Bd1 Qg6 38. Be2 Be6 39. Nd2 Nf6 40. Rf1 Bg4 41.
Bc1 Qe8 42. Kg1 Be6 43. Bd1 Qd7 44. Rf2 a5 45. bxa5 Bxa5 46. Nb3 Bb4 47. g4 Be1
48. Rf1 Bxh4 49. g5 Bxg5 50. Qg3 Bxc1 51. Nxc1 Qc7 52. Ne2 Rd8 53. Qh4 Qe7 54.
Ng3 Ng8 55. Qh5 Qxc5 56. Nf5 Rf8 57. Qg6 Bxf5 0-1

[Event "Bad Woerishofen op"]
[Site "?"]
[Date "2003.??.??"]
[Round "4"]
[White "Bjarnason, Oskar"]
[Black "Eschle, Hubert"]
[Result "1-0"]
[WhiteElo "2195"]
[BlackElo "1969"]
[Annotator "ChessOrg"]
[PlyCount "69"]

1. e4 c5 2. Nf3 e6 3. d4 cxd4 4. Nxd4 Nf6 5. Nc3 d6 6. Be3 a6 7. Qd2 Nbd7 8. f3
Qc7 9. g4 Ne5 10. O-O-O Be7 11. g5 Nfd7 12. Kb1 b5 13. Qf2 Bb7 14. h4 Rc8 15.
Rg1 Nc5 16. a3 Ned7 17. h5 g6 18. Rh1 Rg8 19. Rh2 Nb6 20. Bd3 Nca4 21. Nxa4
Nxa4 22. f4 d5 23. hxg6 hxg6 24. f5 gxf5 25. exf5 e5 26. Ne6 Qc6 27. f6 Bd6 28.
g6 e4 29. gxf7+ Kxf7 30. Ng5+ Rxg5 31. Bxg5 exd3 32. Rh7+ Kg8 33. Rg7+ Kf8 34.
Rh1 dxc2+ 35. Kc1 1-0

[Event "Bad Woerishofen op"]
[Site "?"]
[Date "2003.??.??"]
[Round "4"]
[White "Schmitzer, Peter"]
[Black "Beckmann, Klaus"]
[Result "0-1"]
[WhiteElo "2089"]
[BlackElo "2191"]
[Annotator "ChessOrg"]
[PlyCount "76"]

1. d4 d5 2. Nf3 Nf6 3. c4 e6 4. e3 c6 5. Qc2 Be7 6. Bd3 Nbd7 7. O-O O-O 8. Nc3
dxc4 9. Bxc4 a6 10. Bd3 c5 11. Rd1 cxd4 12. exd4 Nb6 13. Bg5 h6 14. Bxf6 Bxf6
15. Ne4 Nd5 16. a3 Bd7 17. Ne5 Rc8 18. Qd2 Ba4 19. Rdc1 Rxc1+ 20. Rxc1 Bg5 21.
Nxg5 Qxg5 22. Qxg5 hxg5 23. g3 f6 24. Ng4 Rd8 25. Ne3 Bb3 26. Be4 f5 27. Bxd5
Bxd5 28. Rc7 Bf3 29. d5 f4 30. gxf4 gxf4 31. Ng2 Rxd5 32. h4 e5 33. Rc1 Rd2 34.
Ne1 Bc6 35. b4 e4 36. Rc2 Rd1 37. Re2 e3 38. a4 Bf3 0-1

[Event "Bad Woerishofen op"]
[Site "?"]
[Date "2003.??.??"]
[Round "4"]
[White "Daeubler, Heinrich"]
[Black "Kugelmann, Joachim"]
[Result "1/2-1/2"]
[WhiteElo "2180"]
[BlackElo "1922"]
[Annotator "ChessOrg"]
[PlyCount "92"]

1. d4 Nf6 2. c4 e6 3. Nf3 Bb4+ 4. Nbd2 d5 5. Qa4+ Nc6 6. cxd5 Nxd5 7. e3 O-O 8.
Bd3 h6 9. a3 Bxd2+ 10. Bxd2 e5 11. Nxe5 Nxe5 12. dxe5 Nxe3 13. Be4 Ng4 14. Bxb7
Nxf2 15. Bxa8 Nxh1 16. Be3 Bd7 17. Bc6 Bxc6 18. Qxc6 Qh4+ 19. g3 Qxh2 20. O-O-O
Nxg3 21. Rd2 Qh3 22. Bc5 Qf1+ 23. Kc2 Qc4+ 24. Kb1 Qe4+ 25. Qxe4 Nxe4 26. Rc2
Nxc5 27. Rxc5 Rc8 28. Ra5 g5 29. Rxa7 g4 30. Ra4 h5 31. Rf4 Re8 32. Rf5 Re6 33.
Rxh5 g3 34. Rh1 Rxe5 35. Rg1 Rg5 36. Kc2 Kf8 37. Kd3 Ke7 38. Ke4 g2 39. Kf3
Rf5+ 40. Kxg2 c5 41. Rc1 Kd6 42. b4 cxb4 43. axb4 Rf4 44. Rf1 Rg4+ 45. Kh3 Rg7
46. b5 Rg5 1/2-1/2

[Event "Bad Woerishofen op"]
[Site "?"]
[Date "2003.??.??"]
[Round "4"]
[White "Neubauer, Ralf"]
[Black "Fischer, Manfred"]
[Result "0-1"]
[WhiteElo "2056"]
[BlackElo "2180"]
[Annotator "ChessOrg"]
[PlyCount "82"]

1. d4 d5 2. Bf4 Nc6 3. Nf3 Bg4 4. Nbd2 e6 5. c3 Bd6 6. Bg3 Nf6 7. Ne5 Bxe5 8.
dxe5 Nd7 9. Qa4 Bf5 10. e3 O-O 11. f4 a6 12. Be2 Nc5 13. Qd1 Nd3+ 14. Bxd3 Bxd3
15. Nf3 Bg6 16. O-O Na5 17. Bh4 Qd7 18. Nd2 Qb5 19. b4 Nc4 20. Nxc4 Qxc4 21.
Qd4 Qe2 22. a4 Qg4 23. g3 Be4 24. a5 h6 25. Qd1 Qh3 26. Qd2 Rae8 27. Qe2 Kh7
28. Rf2 Rg8 29. Rc1 Bf5 30. e4 dxe4 31. Rd1 Qg4 32. Rd7 Qxe2 33. Rxe2 g5 34.
Rxf7+ Kh8 35. Rf6 gxh4 36. Rxh6+ Kg7 37. Rxh4 Rd8 38. g4 Kf7 39. h3 Rd3 40. Kf2
Bg6 41. Re3 Rgd8 0-1

[Event "Bad Woerishofen op"]
[Site "?"]
[Date "2003.??.??"]
[Round "4"]
[White "Maahs, Erich"]
[Black "Hipp, Hermann"]
[Result "1-0"]
[WhiteElo "2180"]
[BlackElo "1864"]
[Annotator "ChessOrg"]
[PlyCount "41"]

1. e4 c6 2. d4 d5 3. f3 dxe4 4. fxe4 Nf6 5. Nc3 Bg4 6. Nf3 e6 7. Be3 Bb4 8. Bd3
Nbd7 9. a3 Bxc3+ 10. bxc3 Qa5 11. Bd2 Qc7 12. e5 Nd5 13. c4 Ne7 14. O-O c5 15.
c3 Bf5 16. Bxf5 Nxf5 17. g4 Ne7 18. Ng5 O-O 19. Qc2 Ng6 20. Be3 h6 21. Nxe6 1-0

[Event "Bad Woerishofen op"]
[Site "?"]
[Date "2003.??.??"]
[Round "4"]
[White "Ring, Gregor"]
[Black "Ashton, Adam"]
[Result "0-1"]
[WhiteElo "1978"]
[BlackElo "2175"]
[Annotator "ChessOrg"]
[PlyCount "58"]

1. Nf3 Nf6 2. c4 c5 3. Nc3 e6 4. g3 b6 5. Bg2 Bb7 6. O-O Be7 7. d3 d5 8. cxd5
Nxd5 9. Bd2 Nc6 10. a3 O-O 11. h3 Qd7 12. Kh2 Rfd8 13. Rc1 Rac8 14. Qa4 a6 15.
Nxd5 exd5 16. Bg5 Bxg5 17. Nxg5 Qe7 18. h4 h6 19. Nh3 d4 20. Rce1 Ne5 21. f3 b5
22. Qd1 c4 23. Nf2 c3 24. Qc2 cxb2 25. Qxb2 Rc3 26. Ra1 Qc5 27. Rfc1 Rc8 28.
Rxc3 dxc3 29. Qc2 Qxf2 0-1

[Event "Bad Woerishofen op"]
[Site "?"]
[Date "2003.??.??"]
[Round "4"]
[White "Wegemund, Hubert"]
[Black "Schiffer, Steve"]
[Result "0-1"]
[WhiteElo "1790"]
[BlackElo "2171"]
[Annotator "ChessOrg"]
[PlyCount "90"]

1. d4 c5 2. e4 cxd4 3. Nf3 d6 4. Nxd4 Nf6 5. Nc3 a6 6. Be3 e6 7. f4 Be7 8. Qf3
Qc7 9. Bd3 Nc6 10. O-O Nb4 11. Qg3 e5 12. fxe5 dxe5 13. Kh1 Qd6 14. Nf5 Bxf5
15. Rxf5 g6 16. Rff1 Qe6 17. Na4 Rc8 18. Nb6 Rc6 19. Nc4 Nd7 20. a3 Nxd3 21.
cxd3 O-O 22. Rac1 b5 23. Na5 Rcc8 24. d4 exd4 25. Bxd4 Rxc1 26. Rxc1 Qxe4 27.
Qc3 Bd6 28. Re1 Qh4 29. g3 Bxg3 30. Re2 Bf4 31. Nc6 Bg5 32. Qf3 Rc8 33. Re4 Qh6
34. Re7 Bxe7 35. Nxe7+ Kf8 36. Nxc8 Qc1+ 37. Kg2 Qxc8 38. Qd5 Qc2+ 39. Kg3 Ke7
40. Bc3 Qf5 41. Qb7 Qd3+ 42. Kh4 f6 43. Qxa6 Kf7 44. Qa8 g5+ 45. Kg4 h5+ 0-1

[Event "Bad Woerishofen op"]
[Site "?"]
[Date "2003.??.??"]
[Round "4"]
[White "Bintakies, Michael"]
[Black "Frank, Albert"]
[Result "1/2-1/2"]
[WhiteElo "2209"]
[BlackElo "2070"]
[Annotator "ChessOrg"]
[PlyCount "36"]

1. d4 c5 2. c3 Qa5 3. Nd2 cxd4 4. Nb3 Qa4 5. cxd4 e6 6. e3 Nf6 7. Bd3 b6 8. Ne2
Ba6 9. Nc3 Bb4 10. O-O Bxc3 11. bxc3 d5 12. Bxa6 Qxa6 13. a4 O-O 14. Nd2 Rc8
15. Qb3 Qd3 16. Ra3 Nc6 17. Qb5 Qc2 18. Qb2 Qxb2 1/2-1/2

[Event "Bad Woerishofen op"]
[Site "?"]
[Date "2003.??.??"]
[Round "4"]
[White "Schaefer, Michael"]
[Black "Lamberger, Werner"]
[Result "1-0"]
[WhiteElo "2186"]
[BlackElo "2048"]
[Annotator "ChessOrg"]
[PlyCount "113"]

1. d4 f5 2. Bg5 h6 3. Bh4 g5 4. e3 Nf6 5. Bg3 d6 6. Nd2 Bg7 7. h4 g4 8. h5 Nc6
9. Bb5 Bd7 10. Ne2 a6 11. Bxc6 bxc6 12. c3 Rb8 13. Qc2 O-O 14. O-O-O Nd5 15.
Nf4 Nxf4 16. exf4 c5 17. dxc5 Qc8 18. Bh4 e5 19. cxd6 e4 20. Nb3 c5 21. Rd5 Qc6
22. Rhd1 Bd4 23. cxd4 Qxd5 24. dxc5 Qf7 25. Kb1 Rfc8 26. Nd4 Qe8 27. Qc4+ Kh7
28. Rc1 Rb6 29. Qd5 Rbc6 30. Bf6 Qg8 31. Qxg8+ Kxg8 32. Nxc6 Bxc6 33. Bd4 Kf7
34. g3 Ke6 35. Kc2 Kd5 36. Kc3 Be8 37. b4 Kc6 38. Rd1 Rb8 39. Ra1 Rb7 40. a4
Kd5 41. Be3 Bd7 42. b5 axb5 43. a5 b4+ 44. Kb3 Kc6 45. a6 Be6+ 46. Ka4 Ra7 47.
Kxb4 Bc8 48. Kc3 Ra8 49. Kd4 Bxa6 50. Ke5 Re8+ 51. Kxf5 Bc8+ 52. Kg6 Rg8+ 53.
Kxh6 Bf5 54. Ra6+ Kb7 55. Rb6+ Kc8 56. c6 Rg6+ 57. hxg6 1-0

[Event "Bad Woerishofen op"]
[Site "?"]
[Date "2003.??.??"]
[Round "4"]
[White "Friedrich, Wolfgang"]
[Black "Sailer, Wolfgang"]
[Result "0-1"]
[WhiteElo "2079"]
[BlackElo "2182"]
[Annotator "ChessOrg"]
[PlyCount "84"]

1. d4 Nf6 2. Nf3 g6 3. Bf4 Bg7 4. e3 O-O 5. Nbd2 d5 6. Bd3 c5 7. c3 Nc6 8. O-O
Nd7 9. Re1 e5 10. dxe5 Ndxe5 11. Be2 Bf5 12. Nb3 b6 13. Nxe5 Nxe5 14. g4 Be6
15. Bxe5 Bxe5 16. f4 Bg7 17. Bf3 Qh4 18. Rc1 Rad8 19. Rc2 a5 20. Rg2 a4 21. Nd2
a3 22. bxa3 Bxc3 23. f5 Bc8 24. Ree2 Ba6 25. Ref2 Rfe8 26. fxg6 hxg6 27. Be2
Bb7 28. Nf3 Qe7 29. Bb5 Qxe3 30. Bxe8 Rxe8 31. Kh1 d4 32. h4 c4 33. Kh2 d3 34.
h5 g5 35. Qa4 Qf4+ 36. Rg3 Re6 37. Kg2 Be1 38. Qd1 Re2 39. Rxe2 Qxg3+ 40. Kf1
Qxf3+ 41. Kxe1 Qxe2+ 42. Qxe2 dxe2 0-1

[Event "Bad Woerishofen op"]
[Site "?"]
[Date "2003.??.??"]
[Round "4"]
[White "Wittfoth, Kai-Uwe"]
[Black "Lotsov, Har-Zahar"]
[Result "1/2-1/2"]
[WhiteElo "2175"]
[BlackElo "2039"]
[Annotator "ChessOrg"]
[PlyCount "44"]

1. d4 d5 2. Nf3 Nf6 3. g3 c5 4. c3 e6 5. Bg2 Nc6 6. O-O b6 7. b3 Bd6 8. Bb2
cxd4 9. cxd4 Ne4 10. Nbd2 f5 11. Rc1 Bd7 12. Ne5 Nxe5 13. dxe5 Bc5 14. Nxe4
fxe4 15. Bd4 Ba3 16. Rc2 O-O 17. f3 exf3 18. exf3 Qe7 19. f4 g6 20. Rff2 Rac8
21. Bf1 Rxc2 22. Rxc2 Rc8 1/2-1/2

[Event "Bad Woerishofen op"]
[Site "?"]
[Date "2003.??.??"]
[Round "4"]
[White "Thiel, Thomas"]
[Black "Mueller, Manfred"]
[Result "1-0"]
[WhiteElo "2309"]
[BlackElo "2153"]
[Annotator "ChessOrg"]
[PlyCount "39"]

1. e4 c5 2. Nf3 Nc6 3. Nc3 a6 4. d4 cxd4 5. Nxd4 Nf6 6. Bg5 d6 7. f4 Qb6 8. Nb3
Qe3+ 9. Be2 Nxe4 10. Nxe4 Qxe4 11. O-O Bf5 12. Bf3 Qxc2 13. Qe1 Rc8 14. Rf2 Qc4
15. Rc1 Qb5 16. Rd1 Be6 17. Re2 Bxb3 18. Bxc6+ Qxc6 19. Rxe7+ Kd8 20. Rxf7+ 1-0

[Event "Bad Woerishofen op"]
[Site "?"]
[Date "2003.??.??"]
[Round "4"]
[White "Schellmann, Frank"]
[Black "Graf, Christian"]
[Result "0-1"]
[WhiteElo "2115"]
[BlackElo "2231"]
[Annotator "ChessOrg"]
[PlyCount "70"]

1. e4 c6 2. d4 d5 3. Nc3 dxe4 4. Nxe4 Bf5 5. Ng3 Bg6 6. h4 h6 7. Nf3 Nd7 8. h5
Bh7 9. Bd3 Bxd3 10. Qxd3 Ngf6 11. Bf4 Qa5+ 12. Bd2 Qc7 13. O-O-O e6 14. Qe2
O-O-O 15. Ne5 Nb6 16. Ba5 Rd5 17. Bxb6 axb6 18. c4 Rd8 19. f4 c5 20. dxc5 Bxc5
21. Ne4 Bd4 22. Kb1 Kb8 23. Nc3 Bxc3 24. bxc3 b5 25. Qf3 bxc4 26. Ka1 Rd5 27.
Qg3 Rhd8 28. Rxd5 Nxd5 29. Qxg7 Nxc3 30. Nc6+ Qxc6 31. Qxc3 Qe4 32. Rc1 Qxf4
33. Qxc4 Qxc4 34. Rxc4 Rd1+ 35. Kb2 Rd2+ 0-1

[Event "Bad Woerishofen op"]
[Site "?"]
[Date "2003.??.??"]
[Round "4"]
[White "Schulz, Gert"]
[Black "Tscharotschkin, Michael"]
[Result "1/2-1/2"]
[WhiteElo "2103"]
[BlackElo "2214"]
[Annotator "ChessOrg"]
[PlyCount "138"]

1. d4 d5 2. Bg5 h6 3. Bh4 g5 4. Bg3 Bg7 5. e3 Nf6 6. h3 c5 7. c3 cxd4 8. cxd4
Ne4 9. Ne2 Qb6 10. Qb3 Qxb3 11. axb3 Na6 12. Nbc3 Nb4 13. O-O-O Bf5 14. Nxe4
Bxe4 15. Nc3 Bc2 16. Nxd5 Bxd1 17. Nc7+ Kd8 18. Nxa8 Bxb3 19. Kd2 Nd5 20. Bd3
Kd7 21. Bb5+ Ke6 22. Nc7+ Nxc7 23. Bxc7 Rc8 24. Rc1 a6 25. Bd3 Kd7 26. Bb6 Rxc1
27. Kxc1 Kc6 28. Bd8 e5 29. Be4+ Bd5 30. Bxd5+ Kxd5 31. dxe5 Bxe5 32. f3 f5 33.
Kc2 b5 34. g4 fxg4 35. hxg4 Bg7 36. b3 Kc5 37. Be7+ Kd5 38. Bb4 Kc6 39. Kd3 Kb6
40. Ke4 a5 41. Be7 a4 42. bxa4 bxa4 43. Kd5 Bb2 44. Kc4 Ka5 45. Bf8 a3 46. Kb3
Bc1 47. e4 Kb5 48. Bxa3 Bf4 49. Bf8 Be3 50. Kc3 Kc6 51. Bxh6 Kd6 52. Bg7 Bf4
53. Kd3 Ke6 54. Bd4 Bd6 55. Be3 Be7 56. f4 gxf4 57. Bxf4 Bf6 58. Ke3 Bc3 59.
Bc7 Bb2 60. Kf3 Bf6 61. Kf4 Bc3 62. g5 Bb2 63. Kg4 Bg7 64. e5 Kd7 65. Bd6 Ke6
66. g6 Bh6 67. Kh5 Bf4 68. g7 Kf7 69. Kg4 Bh2 1/2-1/2

[Event "Bad Woerishofen op"]
[Site "?"]
[Date "2003.??.??"]
[Round "4"]
[White "Grosser, Walter"]
[Black "Bischoff, Dieter"]
[Result "1/2-1/2"]
[WhiteElo "2096"]
[BlackElo "2212"]
[Annotator "ChessOrg"]
[PlyCount "90"]

1. d4 Nf6 2. Nf3 g6 3. g3 Bg7 4. Bg2 O-O 5. O-O d6 6. Bg5 Nbd7 7. Bxf6 Nxf6 8.
c3 c6 9. Nbd2 Qc7 10. Re1 Re8 11. e4 e5 12. dxe5 dxe5 13. Qc2 h6 14. Rad1 Be6
15. h3 Nd7 16. b4 a5 17. Nb3 axb4 18. cxb4 Ra3 19. Rb1 Rea8 20. Rb2 Bf8 21.
Reb1 R8a7 22. Nc1 Nb6 23. b5 c5 24. Nd2 Ra8 25. Bf1 Qc8 26. Kh2 Na4 27. Nc4
Bxc4 28. Bxc4 Nxb2 29. Rxb2 b6 30. Ne2 R8a7 31. Nc3 Qd8 32. Nd5 Kg7 33. Qe2 Rd7
34. Rd2 Rd6 35. Bb3 Qg5 36. h4 Qd8 37. Rd3 Be7 38. Qb2 c4 39. Qxa3 cxd3 40. Qb2
f6 41. Qd2 Rd7 42. Qxd3 Bc5 43. Kg2 g5 44. Qf3 Rd6 45. h5 Qd7 1/2-1/2

[Event "Bad Woerishofen op"]
[Site "?"]
[Date "2003.??.??"]
[Round "4"]
[White "Vonach, Bernhard"]
[Black "Engl, Heinz"]
[Result "0-1"]
[WhiteElo "2050"]
[BlackElo "2125"]
[Annotator "ChessOrg"]
[PlyCount "122"]

1. e4 c5 2. Nf3 d6 3. g3 Nc6 4. Bg2 g6 5. O-O Bg7 6. c3 e5 7. d3 Nge7 8. Be3
Qb6 9. b4 Nd8 10. bxc5 dxc5 11. Nbd2 O-O 12. Nc4 Qc7 13. Qb3 Rb8 14. a4 Ne6 15.
Rfd1 Rd8 16. Rac1 Nc6 17. Ng5 b6 18. Rb1 Qe7 19. Nf3 Ba6 20. Ne1 Rd7 21. f4
Bxc4 22. Qxc4 Na5 23. Qa2 exf4 24. gxf4 Bxc3 25. f5 gxf5 26. exf5 Ng7 27. Qf2
Qxe3 28. Qxe3 Bd4 29. Nc2 Bxe3+ 30. Nxe3 Rd4 31. Be4 Nb7 32. Rdc1 Nd6 33. Rxc5
Nxe4 34. dxe4 Rxe4 35. Nd5 Rxa4 36. Nf6+ Kh8 37. Rc7 Rf8 38. Nd7 Rg8 39. Nf6
Ne6+ 40. Nxg8 Nxc7 41. Ne7 Kg7 42. Rc1 Nb5 43. Rc6 Rf4 44. Rc8 Rg4+ 45. Kf2 Kf6
46. Kf3 Ra4 47. Ng8+ Kxf5 48. Nh6+ Kg6 49. Ng4 f6 50. Rf8 Nd4+ 51. Kf2 h5 52.
Ne3 Ra2+ 53. Kf1 Kg5 54. h4+ Kf4 55. Nd5+ Kg3 56. Ke1 f5 57. Kd1 b5 58. Ne3 f4
59. Nf1+ Kf3 60. Nd2+ Ke3 61. Kc1 Rc2+ 0-1